| 000 | 003960000a22001570004500 | ||
|---|---|---|---|
| 005 | 20120302064642.0 | ||
| 942 | _cBOOK | ||
| 100 | _a Patil , Vasantrao | ||
| 245 | _a Gavasalele Adhunik Dashavatari | ||
| 250 | _a 2 nd. | ||
| 260 | _aPune : Vaishali Ajit Patil ,2002 . | ||
| 300 | _a76 p. | ||
| 040 | _amar | ||
| 365 | _bRs.35 /- | ||
| 650 | _aSankirna / Vinodi Lekhan / Adhunik Dashavatari. | ||
| 999 |
_c362718 _d362715 |
||